Harry Potter et les Reliques de la Mort 2 - Statistiques

Statistiques générales
  • Ce quiz a été pris 73 fois
  • Le résultat moyen est 12 sur 16
Statistiques - réponses
Citations Personnages % Correct
Comment osez-vous vous tenir où il se tenait ? DÎTES-LEUR COMMENT ÇA S’EST PASSÉ, CE SOIR-LÀ, COMMENT VOUS L’AVEZ REGARDÉ DANS LES YEUX, CET HOMME QUI VOUS FAISAIT CONFIANCE ET L’AVEZ TUÉ ! DÎTES-LEUR ! Harry Potter
97%
Tu as les yeux de ta mère. Severus Rogue
97%
Harry Potter… Le garçon qui a survécut, prépare toi à mourir. Avada kedavra ! Lord Voldemort
95%
Si on meurt à cause d’eux, je te tue Harry !! Ron Weasley
94%
Allez Tom, finissons comme nous avons commencé. Ensemble. Harry Potter
89%
Oui, on a perdu Harry cette nuit, mais il est toujours là, dans nos cœurs, comme Fred, et Remus, et Tonks, tous. Ils ne sont pas morts en vain, mais vous oui, parce que vous vous trompez ! Le cœur d’Harry bâtait pour nous, pour nous tous, ce n’est pas fini ! Neville Londubat
89%
N’aie pas pitié des morts Harry, aie pitié des vivants et en particulier de tous ceux qui vivent sans amour. Albus Dumbledore
87%
Papa, et si je me retrouve à Serpentard ? Albus Severus Potter
81%
Vous l’avez élevé comme un porc destiné à l’abatoire. Severus Rogue
81%
Lily, après tout ce temps… ? Albus Dumbledore
74%
Je t'accompagne Hermione Granger
69%
Vous devriez en discuter avec M. Finnigan, si je ne m’abuse il a un penchant très prononcé pour la pyrotechnie. Minerva McGonagall
66%
C’est plus rapide que de s’endormir. Sirius Black
61%
L’objet est ici, caché dans le château. Si vous devez demander, jamais vous ne saurez. Si vous savez, il suffit de demander. Héléna Serdaigle
60%
C’est de la force des convictions que dépend la réussite, pas du nombre des partisans. Remus Lupin
42%
Je sais Ginny Weasley
37%
Aucun quiz correspondant
Distribution des résultats
% des personnes avec chaque résultat
Percentile par nombre de réponses
Votre historique - résultats
Vous n’avez pas pris ce quiz